000 00900nam a22002535i 4500
001 169165
003 ES-MaACL
005 20260302063013.0
008 080820s2007 sp |||| | spa d
017 _aM-19.454-2007
020 _a978-84-611-6683-1
080 _a72 Sota, Alejandro de la
080 _a725.85(460.27 M.)
100 0 _aSota Aburto, Alejandro de la
_9107454
245 1 0 _aGimnasio Maravillas
_b: Madrid, 1960 /
_cAlejandro de la Sota ; edición a cargo de Teresa Couceiro.
260 _aMadrid :
_bFundación Alejandro de la Sota,
_c2007.
300 _a122 p. :
_bprincipalmente il. col., planos ;
_c22 x 22 cm.
500 _aEn el lomo: 2.
600 0 4 _aSota Aburto, Alejandro de la
_9107454
610 1 4 _aGimnasio Maravillas.
_9138234
700 1 _aCouceiro Durán, María Teresa.
_9138235
852 4 _aES-MaACL
_jL-29527
_9R.142877
999 _c169165
_d169165